000
00298nam a22001457a 4500
008
231124b ||||| |||| 00| 0 eng d
020
_a
90866
041
_a
eng
080
_a
316
082
_a
316DUR
100
_a
24
101
_a
SOCIOLO
245
_a
SUICIDE
_c
DURKHEIM.E
942
_2
udc
_c
BK
999
_c
60534
_d
60534